| 000 | 00915nam a22003137a 4500 | ||
|---|---|---|---|
| 001 | 0003393 | ||
| 003 | KOHA_MİRAKIL | ||
| 005 | 20260207001336.0 | ||
| 007 | ta | ||
| 008 | 090327b1995 tu |||gr||||#0|||1|tur | | ||
| 020 | _a975363370X | ||
| 040 |
_aTR-BiSEU _btur _cTR-BiSEU _erda |
||
| 041 | 0 | _atur | |
| 044 | _ctu | ||
| 050 |
_aPL248.O38 _bT67 1995 |
||
| 100 | 1 | _aOktay, Ahmet. | |
| 245 | 1 |
_aToplu şiirler, 1963-1991/ _cAhmet Oktay ; Ahmet Oktay. |
|
| 264 | 1 |
_aİstanbul : _bYapı Kredi Yayınları _c1995 |
|
| 300 | _a341 sayfa; 20 cm. | ||
| 336 |
_ametin _btxt _2rdacontent |
||
| 337 |
_aaracısız _bn _2rdamedia |
||
| 338 |
_acilt _bnc _2rdacarrier |
||
| 490 | 1 |
_aYapı Kredi yayınları şiir ; _v36. |
|
| 650 | 0 |
_aTürk edebiyatı--Şiir. _98346 |
|
| 650 | 0 |
_aTurkish literature--Poetry. _98421 |
|
| 830 | 1 |
_aYapı Kredi yayınları şiir ; _v36. _97538 |
|
| 907 | _aRoman | ||
| 942 |
_2lcc _cBK |
||
| 999 |
_c3377 _d3377 |
||